Statistics for Bundesliga Top scorers

Click here to take the quiz!

General Stats

  • This quiz has been taken 40 times
  • The average score is 6 of 15

Answer Stats

GoalsNationalityGoals per club(s)Player% Correct
365GermanyBayern (365)Gerd Müller
97%
312PolandDortmund (74), Bayern (238)Robert Lewandowski
97%
177GermanyKöln (159), Stuttgart (14), Saarbrücken (4)Dieter Müller
94%
197PeruBremen (109), Bayern (87), Köln (1)Claudio Pizarro
58%
170GermanyStuttgart (78), Bayern (75), Wolfsburg (17)Mario Gómez
56%
162GermanyBayern (162)Karl-Heinz Rummenigge
39%
220GermanyM’gladbach (195), Hannover (25)Jupp Heynckes
33%
268Germany1860 Munich (28), Schalke (182), Köln (31), Bochum (27)Klaus Fischer
28%
181GermanyLeverkusen (181)Ulf Kirsten
19%
157GermanyMannheim (55), Stuttgart (102)Fritz Walter
14%
177GermanyDüsseldorf (77), Köln (88), Bremen (18)Klaus Allofs
14%
213GermanyEssen (32/74), Dortmund (135), Nürnberg (12), Bremen (34)Manfred Burgsmüller
8%
179GermanyBochum (47), Uerdingen (32), K'lautern (75), Bielefeld (25)Stefan Kuntz
6%
160GermanyFrankfurt (160)Bernd Hölzenbein
3%
166GermanyKöln (166)Hannes Löhr
3%

Score Distribution

Percentile by Number Answered

Percent of People with Each Score

Your Score History

You have not taken this quiz